000 00761nam a22002297a 4500
005 20150220150531.0
008 140714b xxu||||| |||| 00| 0 Urdu d
010 _aUR-8648
020 q _c250.00
020 _c9789350732960
035 _aU-7203
037 _bDBAD/Pub.
040 _aDPL
_bUrdu
082 _a840.8
100 _aا متيا ز ا حمد عليمی
245 _aشفق بحثيت نا و ل نگا ر
_cا متيا ز ا حمد عليمی
246 _aShafaq Ba Haisiat Novel Nigar
_bBy Imtiyaz Ahmad Alimi
260 _aد ھلی
_bEducational Publishing House
_c2014
270 _a3108,Vakeel Street,Kucha Pandit,Lal Kuan
_b.Delhi
_e110006
300 _a212ص
_c22Cm (Hb)
942 _2ddc
_cUR
_e
_h840.8
_mا م ت
999 _c91678
_d91678